[Event "GER rap13 FSM/V03 email"]
[Site "GER email"]
[Date "2016.12.04"]
[Round "?"]
[White "Dosch, Markus"]
[Black "Schmidt, Detlef"]
[Result "0-1"]
[WhiteElo "1747"]
[BlackElo "2001"]
[PlyCount "208"]
[EventDate "2016.12.09"]
[EventType "tourn (corr)"]
[EventRounds "4"]
[EventCountry "GER"]
[SourceTitle "Corr 2020"]
[Source "ChessBase"]
[SourceDate "2019.09.30"]
[SourceVersion "1"]
[SourceVersionDate "2019.09.30"]
[SourceQuality "1"]

1. e4 c5 2. Nf3 Nc6 3. d4 cxd4 4. Nxd4 e5 5. Nb5 d6 6. N1c3 a6 7. Na3 b5 8. Nd5 Nce7 9. c4 Nxd5 10. exd5 bxc4 11. Nxc4 Be7 12. Bd2 Bd7 13. Ba5 Qb8 14. Qd2 Nf6 15. Be2 Bb5 16. a4 Bxc4 17. Bxc4 0-0 18. 0-0 Qb7 19. Rfe1 h6 20. Rab1 Qd7 21. b3 Bd8 22. Bc3 a5 23. Bb5 Qf5 24. b4 axb4 25. Rxb4 Bb6 26. h3 Ba7 27. Re2 Rab8 28. a5 Nh5 29. Bd3 Qf6 30. Ree4 Rxb4 31. Rxb4 Nf4 32. Bf1 Nxd5 33. Rb7 Bc5 34. Bb2 Qh4 35. Bc1 Nc3 36. Qe1 Nd1 37. Qxd1 Qxf2+ 38. Kh2 Qg1+ 39. Kg3 e4 40. Qe2 Re8 41. Ba3 Bxa3 42. Qf2 Qxf2+ 43. Kxf2 f5 44. a6 Kh7 45. Bc4 Re5 46. g4 f4 47. a7 Ra5 48. Bd5 Bc5+ 49. Kf1 Kg6 50. Bxe4+ Kf6 51. Rxg7 Bxa7 52. Rd7 Ra1+ 53. Ke2 Ra2+ 54. Ke1 Bf2+ 55. Kd1 Ra3 56. Rd8 Ke5 57. Bb7 f3 58. Rf8 d5 59. Rf5+ Kd4 60. Kc2 Bg3 61. Kb2 Ra7 62. Bxd5 f2 63. Bg2 Re7 64. g5 hxg5 65. Rxg5 Bf4 66. Rf5 Re2+ 67. Kb3 Ke3 68. Ra5 Re1 69. Kc4 Rc1+ 70. Kd5 Rg1 71. Ra3+ Kd2 72. Ra2+ Ke1 73. Bf3 f1Q 74. Ra1+ Kf2 75. Rxf1+ Rxf1 76. Ke4 Kg3 77. Bg4 Bc1 78. Be6 Rf6 79. Bg4 Bb2 80. Bf5 Ra6 81. Bg4 Ra5 82. Ke3 Ra4 83. Be6 Rf4 84. Bc8 Bd4+ 85. Kd3 Bc5 86. Be6 Kf2 87. Bg4 Rd4+ 88. Kc3 Ke3 89. Kc2 Be7 90. Bh5 Rc4+ 91. Kb3 Kd4 92. Bf7 Rc3+ 93. Ka4 Kc5 94. h4 Kb6 95. Bb3 Re3 96. h5 Re4+ 97. Bc4 Rxc4+ 98. Kb3 Kc5 99. h6 Bf6 100. Ka3 Rb4 101. h7 Rb5 102. h8Q Bxh8 103. Ka4 Kc4 104. Ka3 Ra5# 0-1

[Event "GER-Cup30 E/V04 email"]
[Site "GER email"]
[Date "2016.11.01"]
[Round "?"]
[White "Dosch, Markus"]
[Black "Landeck, Gerhard"]
[Result "1-0"]
[WhiteElo "1773"]
[BlackElo "1559"]
[PlyCount "125"]
[EventDate "2016.11.07"]
[EventType "tourn (corr)"]
[EventRounds "4"]
[EventCountry "GER"]
[SourceTitle "Corr 2020"]
[Source "ChessBase"]
[SourceDate "2019.09.30"]
[SourceVersion "1"]
[SourceVersionDate "2019.09.30"]
[SourceQuality "1"]

1. e4 c5 2. Nf3 e6 3. d4 cxd4 4. Nxd4 a6 5. Nc3 Qc7 6. Bd3 Nc6 7. Be3 Bb4 8. 0-0 Ne5 9. f4 Nc4 10. Bxc4 Qxc4 11. Qg4 Kf8 12. Nce2 Nf6 13. Qf3 d6 14. c3 Ba5 15. e5 Nd5 16. exd6 Nxe3 17. Qxe3 Bd7 18. f5 Re8 19. fxe6 Bxe6 20. b3 Qc8 21. Qf3 Qd7 22. Nf4 Bg4 23. Qg3 h5 24. Ng6+ Kg8 25. Nxh8 Kxh8 26. h3 Be6 27. Rae1 Bb6 28. Rd1 Rd8 29. Kh1 Qxd6 30. Qxd6 Rxd6 31. Nf3 Rc6 32. c4 Rc7 33. Ng5 Re7 34. c5 Bc7 35. Rf2 Kg8 36. Rfd2 g6 37. Nf3 Bf4 38. Rd8+ Kg7 39. Ra8 Be3 40. Rdd8 Bxc5 41. Rg8+ Kf6 42. Nd2 Bd7 43. Nf3 Re2 44. Rad8 Bc6 45. Rd1 Rxa2 46. Rgd8 Rb2 47. R8d3 g5 48. Nd2 g4 49. hxg4 hxg4 50. Rg3 Bb4 51. Nc4 Rf2 52. Rxg4 Bc5 53. Nd6 Re2 54. b4 Bb6 55. Rf1+ Ke6 56. Nxf7 Ke7 57. Nh6 Re5 58. Nf5+ Kd7 59. Rg7+ Kc8 60. Nd6+ Kb8 61. Rf8+ Be8 62. Rxe8+ Rxe8 63. Nxe8 1-0